| 000 | 00794nam a2200205 i 4500 | ||
|---|---|---|---|
| 001 | 140646 | ||
| 003 | ES-MaACL | ||
| 005 | 20251121165904.0 | ||
| 007 | t| | ||
| 008 | 070214s1955 sp r ||||1| spa d | ||
| 100 | 1 |
_aSeco Serrano, Carlos, _d1923-2020 _9105054 |
|
| 245 | 1 | 3 |
_aUn diplomático español del Siglo de Oro _b: (en el III centenario de Don Alonso de la Cueva, Marqués de Bedmar) / _cCarlos Seco Serrano. |
| 260 |
_aMadrid : _b[s.n.], _c1955. |
||
| 300 |
_a14 p. ; _c23 cm. |
||
| 500 | _aSeparata de la revista Arbor, nª 120 de diciembre de 1955. | ||
| 600 | 1 | 7 |
_aBedmar, Alfonso de la Cueva, _cMarqués de, _d1572-1655 _2 _9170138 |
| 651 | 4 |
_aEspaña- _xHistoria- _y1598-1621, Felipe III. _98234 |
|
| 852 |
_aES-MaACL _j1992-F-20 _bR.38216 |
||
| 999 |
_c140646 _d140646 |
||